| 000 | 00454pab a2200181 454500 | ||
|---|---|---|---|
| 008 | 180718b2011 xxu||||| |||| 00| 0 eng d | ||
| 100 | _aRudra, Nita | ||
| 245 | _aGlobalization and the politics of natural resources | ||
| 260 | _c2011 | ||
| 300 | _ap.639-661. | ||
| 362 | _aJun | ||
| 650 | _aGlobalizatin | ||
| 650 | _aNatural resources | ||
| 700 | _aJensen, Nathan M. | ||
| 773 | _aComparative Political Studies | ||
| 908 | _aN | ||
| 909 | _a92858 | ||
| 999 |
_c92858 _d92858 |
||